000 00442nam a22001697a 4500
003 BD-ChCU
005 20260407085920.0
008 260407b bg ||||| |||| 00| 0 ben d
040 _cBD-ChCU
082 _a160 THM
100 _aThomas , Norman L.
_921234
245 _aModern logic :
_ban Introduction ./
_cNorman L. Thomas .
260 _aNew York :
_cC 1966
300 _axvii , 236p.
650 0 _aLogic .
_921236
942 _2ddc
_cBK
_n0
999 _c112080
_d112080